[Event "21. Copenhagen Open  (Politiken Cup)"]
[Site "Copenhagen"]
[Date "1999.07.08"]
[Round "6"]
[White "Petersen, Steen"]
[Black "Byrn, Carsten"]
[Result "0-1"]
[WhiteElo "2166"]
[BlackElo "2055"]
[PlyCount "144"]
[EventDate "1999.07.03"]
[EventType "swiss"]
[EventRounds "11"]
[EventCountry "DEN"]
[SourceDate "2004.01.01"]

1. e4 c5 2. Nf3 e6 3. d4 cxd4 4. Nxd4 Nf6 5. Nc3 Nc6 6. Ndb5 d6 7. Bf4 e5 8.
Bg5 a6 9. Na3 b5 10. Bxf6 gxf6 11. Nd5 f5 12. Bd3 Be6 13. Qh5 Bg7 14. O-O f4
15. Rad1 O-O 16. c4 bxc4 17. Bxc4 Nd4 18. Rd3 Kh8 19. b3 Ra7 20. Qd1 Qg5 21. f3
Rg8 22. Rf2 Bxd5 23. Bxd5 Rc7 24. Nc2 Rgc8 25. Bc4 Nxc2 26. Rxc2 Bf8 27. Rd5
Rc6 28. a4 Qd8 29. g3 Qb6+ 30. Kg2 fxg3 31. hxg3 Be7 32. Qd2 Rg8 33. Rd3 Bh4
34. g4 Rg7 35. Rc1 Bg5 36. Qc2 Bxc1 37. Qxc1 f5 38. exf5 e4 39. fxe4 Rxg4+ 40.
Kf3 Rg1 41. Qc3+ Rg7 42. f6 Rf7 43. Bxf7 Rxc3 44. Rxc3 Qd8 45. Ke2 Qxf6 46. Rf3
Qb2+ 47. Ke3 Kg7 48. Bd5 a5 49. Rf5 Qh2 50. Rg5+ Kf6 51. Rf5+ Kg6 52. Bf7+ Kg7
53. Bc4 h5 54. Rxa5 h4 55. Rg5+ Kh6 56. Rg4 Kh5 57. Be2 Kh6 58. a5 h3 59. a6
Qe5 60. Rh4+ Kg6 61. Rxh3 d5 62. Bd3 d4+ 63. Ke2 Qe6 64. Rg3+ Kh6 65. a7 Qe8
66. Rh3+ Kg7 67. Rg3+ Kh6 68. Rf3 Kg7 69. Rf5 Qh8 70. Bc4 Qh2+ 71. Kd3 Qg1 72.
a8=Q Qd1# 0-1

[Event "21. Copenhagen Open  (Politiken Cup)"]
[Site "Copenhagen"]
[Date "1999.07.08"]
[Round "6"]
[White "Rasmussen, Morten Fredsgaard"]
[Black "Brantzeg, Pal"]
[Result "1-0"]
[WhiteElo "1771"]
[BlackElo "1476"]
[PlyCount "35"]
[EventDate "1999.07.03"]
[EventType "swiss"]
[EventRounds "11"]
[EventCountry "DEN"]
[SourceDate "2004.01.01"]

1. f4 e5 2. fxe5 d6 3. Nf3 Bg4 4. e4 dxe5 5. Nc3 Nf6 6. Bc4 Nc6 7. O-O Bc5+ 8.
Kh1 O-O 9. d3 Na5 10. Bb3 Nxb3 11. axb3 a6 12. Bg5 Qd6 13. Qe1 Rad8 14. Qg3
Bxf3 15. Qxf3 Bd4 16. Bxf6 Bxc3 17. Qg3 g6 18. bxc3 1-0

[Event "21. Copenhagen Open  (Politiken Cup)"]
[Site "Copenhagen"]
[Date "1999.07.08"]
[Round "6"]
[White "Raunkjaer, Jonas"]
[Black "Kokholm, Daniel"]
[Result "1/2-1/2"]
[WhiteElo "1607"]
[BlackElo "1892"]
[PlyCount "83"]
[EventDate "1999.07.03"]
[EventType "swiss"]
[EventRounds "11"]
[EventCountry "DEN"]
[SourceDate "2004.01.01"]

1. e4 c5 2. Nf3 d6 3. d4 cxd4 4. Nxd4 Nf6 5. Nc3 g6 6. Be2 Bg7 7. Be3 O-O 8.
O-O Nc6 9. f3 Bd7 10. Qd2 Re8 11. Rfd1 Ne5 12. Nb3 a6 13. Nd5 Nxd5 14. Qxd5 Bc6
15. Qd2 b6 16. Qb4 Nd7 17. Nd4 Bb7 18. Bc4 Qc7 19. Rd2 Rac8 20. Bb3 Qc5 21. Qa4
b5 22. Qa5 b4 23. Qxc5 dxc5 24. Ne6 Bc6 25. Nxg7 Kxg7 26. Rad1 Rc7 27. Bd5 Bb5
28. Bc4 Nb6 29. Bxb5 axb5 30. Rd8 Rxd8 31. Rxd8 Rd7 32. Rxd7 Nxd7 33. Kf2 Kf6
34. Ke2 c4 35. b3 Ke5 36. Kd2 f6 37. Ke2 g5 38. Kd2 Kd6 39. Bd4 e5 40. Be3 Nf8
41. g3 c3+ 42. Kd3 1/2-1/2

[Event "21. Copenhagen Open  (Politiken Cup)"]
[Site "Copenhagen"]
[Date "1999.07.08"]
[Round "6"]
[White "Ronsted, Torben"]
[Black "Christensen, Thomas"]
[Result "0-1"]
[WhiteElo "1915"]
[BlackElo "2231"]
[PlyCount "80"]
[EventDate "1999.07.03"]
[EventType "swiss"]
[EventRounds "11"]
[EventCountry "DEN"]
[SourceDate "2004.01.01"]

1. d4 Nf6 2. c4 e6 3. Nf3 b6 4. g3 Bb4+ 5. Nc3 Bb7 6. Bg2 O-O 7. O-O Bxc3 8.
bxc3 d6 9. Bg5 Qe7 10. d5 h6 11. Bxf6 Qxf6 12. Nd4 e5 13. Nb5 Qe7 14. e4 a6 15.
Na3 Nd7 16. Nc2 Nc5 17. Ne3 Bc8 18. Qh5 Kh7 19. Rae1 g6 20. Qd1 Bd7 21. f4 exf4
22. Rxf4 Qe5 23. Ref1 Kg7 24. Qf3 f6 25. h4 Na4 26. Ng4 Bxg4 27. Qxg4 Nxc3 28.
Rf5 Qd4+ 29. Kh2 Rf7 30. h5 g5 31. R5f2 Qe5 32. Rf5 Qe8 33. R5f2 Na4 34. Qf5
Rf8 35. Bh3 Nc5 36. Qf3 Qxe4 37. Qc3 Qe5 38. Qc2 Ne4 39. Qd3 Rae8 40. Re2 Qxg3+
0-1

[Event "21. Copenhagen Open  (Politiken Cup)"]
[Site "Copenhagen"]
[Date "1999.07.08"]
[Round "6"]
[White "Samuelsen, Carl Eli"]
[Black "Jensen, Jan Kargaard"]
[Result "1-0"]
[WhiteElo "2060"]
[BlackElo "1740"]
[PlyCount "63"]
[EventDate "1999.07.03"]
[EventType "swiss"]
[EventRounds "11"]
[EventCountry "DEN"]
[SourceDate "2004.01.01"]

1. e4 e6 2. d4 d5 3. e5 c5 4. c3 Qb6 5. Nf3 Bd7 6. Be2 Nc6 7. O-O Rc8 8. Re1
cxd4 9. cxd4 Nh6 10. b3 Nb4 11. Na3 Nf5 12. g4 Ne7 13. Kg2 Nec6 14. Rf1 Be7 15.
Bb2 Na5 16. Ne1 Bc6 17. f4 g6 18. Qd2 Kd7 19. Bc3 Ke8 20. Nec2 Nxc2 21. Nxc2
Nc4 22. bxc4 dxc4+ 23. Bf3 h5 24. g5 h4 25. h3 Bxf3+ 26. Rxf3 Qc6 27. Ne3 Rh5
28. Rd1 Rd8 29. Bb4 b5 30. Bxe7 Kxe7 31. Qb4+ Ke8 32. Ng4 1-0

[Event "21. Copenhagen Open  (Politiken Cup)"]
[Site "Copenhagen"]
[Date "1999.07.08"]
[Round "6"]
[White "Schmied, Andreas"]
[Black "Meulenbroek, Kim"]
[Result "1/2-1/2"]
[WhiteElo "2162"]
[BlackElo "1940"]
[PlyCount "42"]
[EventDate "1999.07.03"]
[EventType "swiss"]
[EventRounds "11"]
[EventCountry "DEN"]
[SourceDate "2004.01.01"]

1. d4 d5 2. c4 e6 3. Nc3 c6 4. e3 f5 5. Bd3 Nf6 6. f3 Bd6 7. Nge2 O-O 8. Qc2
dxc4 9. Bxc4 Kh8 10. O-O e5 11. Bd2 b5 12. Bd3 e4 13. fxe4 Bxh2+ 14. Kxh2 Ng4+
15. Kg1 Qh4 16. Rf4 Qh2+ 17. Kf1 Qh1+ 18. Ng1 Nh2+ 19. Kf2 Ng4+ 20. Kf1 Nh2+
21. Kf2 Ng4+ 1/2-1/2

[Event "21. Copenhagen Open  (Politiken Cup)"]
[Site "Copenhagen"]
[Date "1999.07.08"]
[Round "6"]
[White "Schneider, Stefan"]
[Black "Hillarp Persson, Tiger"]
[Result "1-0"]
[WhiteElo "2353"]
[BlackElo "2507"]
[PlyCount "71"]
[EventDate "1999.07.03"]
[EventType "swiss"]
[EventRounds "11"]
[EventCountry "DEN"]
[SourceDate "2004.01.01"]

1. d4 g6 2. e4 Bg7 3. Nf3 d6 4. c3 Nf6 5. Bd3 O-O 6. O-O Nc6 7. h3 e5 8. Re1 h6
9. Na3 Nd7 10. Nc2 f5 11. dxe5 Ndxe5 12. exf5 Nxd3 13. Qxd3 Bxf5 14. Qd5+ Kh7
15. Ncd4 Nxd4 16. Nxd4 c6 17. Qb3 Qd7 18. Nxf5 Rxf5 19. Be3 Raf8 20. Rad1 a6
21. Re2 Re5 22. Red2 d5 23. c4 Rf3 24. cxd5 c5 25. d6 Rg5 26. Rd5 Rxg2+ 27.
Kxg2 Qxh3+ 28. Kg1 Qg4+ 29. Kf1 Rh3 30. Ke1 c4 31. R5d4 Qf3 32. Qc2 Bf6 33. Rf4
Qg2 34. Rxf6 Rxe3+ 35. fxe3 Qxc2 36. d7 1-0

[Event "21. Copenhagen Open  (Politiken Cup)"]
[Site "Copenhagen"]
[Date "1999.07.08"]
[Round "6"]
[White "Schyberg, Brian"]
[Black "Lynge, Torben"]
[Result "1-0"]
[WhiteElo "1954"]
[BlackElo "1708"]
[PlyCount "61"]
[EventDate "1999.07.03"]
[EventType "swiss"]
[EventRounds "11"]
[EventCountry "DEN"]
[SourceDate "2004.01.01"]

1. d4 d5 2. e4 dxe4 3. Nc3 Nf6 4. f3 exf3 5. Nxf3 Bg4 6. h3 Bh5 7. g4 Bg6 8.
Ne5 e6 9. Qf3 c6 10. Nxg6 hxg6 11. g5 Nd5 12. Bc4 Bb4 13. O-O O-O 14. Ne2 Nd7
15. Kg2 f6 16. Qe4 Qe8 17. h4 f5 18. Qf3 Bd6 19. Rh1 Kf7 20. Bb3 b5 21. a4 a6
22. h5 Rh8 23. Bxd5 exd5 24. Bf4 Bxf4 25. Nxf4 gxh5 26. Rae1 Qf8 27. Ne6 Qe7
28. Qxf5+ Kg8 29. Rhf1 Nf8 30. Nxf8 Qxe1 31. Qf7# 1-0

[Event "21. Copenhagen Open  (Politiken Cup)"]
[Site "Copenhagen"]
[Date "1999.07.08"]
[Round "6"]
[White "Simonsen, Hans Kristian"]
[Black "Nielsen, Michael Backmann"]
[Result "1/2-1/2"]
[WhiteElo "1650"]
[BlackElo "1514"]
[PlyCount "120"]
[EventDate "1999.07.03"]
[EventType "swiss"]
[EventRounds "11"]
[EventCountry "DEN"]
[SourceDate "2004.01.01"]

1. e4 e6 2. d4 d5 3. Nc3 Nf6 4. Bg5 Bb4 5. e5 h6 6. Bd2 Bxc3 7. bxc3 Ne4 8. Bd3
Nxd2 9. Qxd2 c5 10. Nf3 Nc6 11. O-O Qa5 12. Qf4 Qxc3 13. Qg4 Kf8 14. Qf4 Nxd4
15. Nh4 c4 16. Ng6+ Kg8 17. Nxh8 Kxh8 18. Qxf7 cxd3 19. cxd3 b6 20. Qe8+ Kh7
21. Rae1 Bb7 22. Qf7 Ba6 23. Re3 Rc8 24. g4 Bxd3 25. Rh3 Ne2+ 26. Kh1 Qd2 27.
g5 Be4+ 28. f3 Qxg5 29. fxe4 Rc2 30. Qf3 Rc3 31. Qxe2 Rxh3 32. exd5 exd5 33. e6
Re3 34. Qc2+ Qg6 35. Qd2 Qxe6 36. Qf2 Re2 37. Qg3 Qe4+ 38. Kg1 Qe3+ 39. Qxe3
Rxe3 40. Rd1 Re5 41. Kf2 g5 42. Rc1 Re7 43. Rc6 Rd7 44. Ke3 d4+ 45. Kd3 g4 46.
Re6 Kg7 47. Rc6 h5 48. Re6 h4 49. Re4 g3 50. Rxh4 gxh2 51. Rxh2 Kf6 52. Rh6+
Ke7 53. a4 Kd8 54. Rc6 Ke7 55. a5 bxa5 56. Rc5 Ke6 57. Rc4 Ke5 58. Rc5+ Rd5 59.
Rc7 a4 60. Rxa7 Rd8 1/2-1/2

[Event "21. Copenhagen Open  (Politiken Cup)"]
[Site "Copenhagen"]
[Date "1999.07.08"]
[Round "6"]
[White "Sorensen, Torben N"]
[Black "Laursen, Niels Norskov"]
[Result "0-1"]
[WhiteElo "2348"]
[BlackElo "2055"]
[PlyCount "60"]
[EventDate "1999.07.03"]
[EventType "swiss"]
[EventRounds "11"]
[EventCountry "DEN"]
[SourceDate "2004.01.01"]

1. e4 c5 2. d4 cxd4 3. c3 dxc3 4. Nxc3 e6 5. Bc4 Qc7 6. Qe2 a6 7. Nf3 Ne7 8.
O-O Ng6 9. Be3 b5 10. Bb3 Nc6 11. Rac1 Qb8 12. h4 Bd6 13. g3 O-O 14. Kh2 Bb7
15. h5 Nge7 16. h6 g6 17. Ng5 Na5 18. f4 Nxb3 19. axb3 f6 20. e5 fxe5 21. fxe5
Bxe5 22. Rxf8+ Qxf8 23. Bc5 Bxg3+ 24. Kxg3 Nf5+ 25. Kf4 Qxc5 26. Nxe6 Qd6+ 27.
Kg5 Qe7+ 28. Kf4 Qh4+ 29. Qg4 Qh2+ 30. Kg5 dxe6 0-1

[Event "21. Copenhagen Open  (Politiken Cup)"]
[Site "Copenhagen"]
[Date "1999.07.08"]
[Round "6"]
[White "Tjornsted, Peter"]
[Black "Hjortskov, Kjeld"]
[Result "1-0"]
[WhiteElo "1837"]
[BlackElo "1655"]
[PlyCount "79"]
[EventDate "1999.07.03"]
[EventType "swiss"]
[EventRounds "11"]
[EventCountry "DEN"]
[SourceDate "2004.01.01"]

1. g3 Nf6 2. Bg2 d5 3. Nf3 g6 4. c3 Bg7 5. d3 c6 6. O-O O-O 7. Bg5 h6 8. Bf4
Re8 9. Qc1 Kh7 10. Ne5 Be6 11. d4 Nbd7 12. Re1 Nh5 13. Nxd7 Nxf4 14. Nc5 Nxg2
15. Nxe6 fxe6 16. Kxg2 Rf8 17. Nd2 e5 18. e3 Qd6 19. f4 e4 20. Rf1 Qd7 21. Qd1
h5 22. Nb3 b6 23. Rc1 e6 24. Rc2 Rac8 25. h3 Kh6 26. g4 Rg8 27. Kh2 Bf8 28.
gxh5 Bd6 29. hxg6 Rxg6 30. Rg1 Rcg8 31. Rcg2 Qf7 32. Rxg6+ Rxg6 33. Rxg6+ Kxg6
34. Qg4+ Kh6 35. Nc1 c5 36. Ne2 cxd4 37. Nxd4 e5 38. Nf5+ Kh7 39. Nxd6 Qf8 40.
Qf5+ 1-0

[Event "21. Copenhagen Open  (Politiken Cup)"]
[Site "Copenhagen"]
[Date "1999.07.08"]
[Round "6"]
[White "Vistisen, Lars"]
[Black "Kragh, Niels Kristian"]
[Result "1-0"]
[WhiteElo "2199"]
[BlackElo "1813"]
[PlyCount "147"]
[EventDate "1999.07.03"]
[EventType "swiss"]
[EventRounds "11"]
[EventCountry "DEN"]
[SourceDate "2004.01.01"]

1. e4 Nc6 2. Nf3 d6 3. d4 Bg4 4. Be3 Nf6 5. Nbd2 e6 6. c3 Be7 7. Bd3 O-O 8. Nf1
d5 9. e5 Ne4 10. Ng3 f5 11. exf6 Nxf6 12. h3 Bxf3 13. Qxf3 e5 14. Qf5 exd4 15.
cxd4 Bb4+ 16. Kf1 Qd7 17. Qxd7 Nxd7 18. Nf5 Rae8 19. Kg1 Nf6 20. a3 Ba5 21. Kh2
Ne4 22. g4 g6 23. Bxe4 Rxe4 24. Ng3 Re7 25. b4 Bb6 26. Rad1 Bxd4 27. Rxd4 Nxd4
28. Bxd4 Rf3 29. Be3 d4 30. Bxd4 Rxa3 31. Bc5 Rd7 32. Ne4 Kg7 33. Be3 h6 34.
Nc5 Re7 35. Nxb7 Re4 36. Rc1 Re7 37. Nc5 c6 38. Rd1 a5 39. bxa5 Rxa5 40. Rc1
Ra2 41. Kg3 Ra5 42. Rc4 Ra3 43. Ne4 Ra6 44. h4 Ra3 45. Nd6 Raxe3+ 46. fxe3
Rxe3+ 47. Kg2 Re2+ 48. Kf3 Rh2 49. Kg3 Rd2 50. Ne4 Rd3+ 51. Kg2 Re3 52. g5 hxg5
53. hxg5 Ra3 54. Rxc6 Ra5 55. Rc7+ Kf8 56. Rc5 Ra3 57. Nc3 Kg7 58. Kf3 Ra1 59.
Kf4 Rf1+ 60. Ke5 Rf5+ 61. Kd6 Rf1 62. Rc7+ Kf8 63. Ne4 Rf5 64. Nc5 Kg8 65. Ne6
Kh8 66. Re7 Rf1 67. Kd7 Rf2 68. Ke8 Rf1 69. Rf7 Rg1 70. Rf6 Kh7 71. Kf7 Rh1 72.
Rxg6 Rh2 73. Nf8+ Kh8 74. Rg8# 1-0

[Event "21. Copenhagen Open  (Politiken Cup)"]
[Site "Copenhagen"]
[Date "1999.07.08"]
[Round "6"]
[White "Ward, Christopher"]
[Black "Nilssen, John Arni"]
[Result "1-0"]
[WhiteElo "2473"]
[BlackElo "2326"]
[PlyCount "77"]
[EventDate "1999.07.03"]
[EventType "swiss"]
[EventRounds "11"]
[EventCountry "DEN"]
[SourceDate "2004.01.01"]

1. d4 Nf6 2. c4 e6 3. Nc3 Bb4 4. Qc2 O-O 5. e4 c5 6. e5 cxd4 7. a3 Bxc3+ 8.
bxc3 Ng4 9. cxd4 Nc6 10. Nf3 Qa5+ 11. Qd2 Qc7 12. Bd3 d6 13. Qf4 dxe5 14. Qxg4
f5 15. Qg3 Qa5+ 16. Bd2 Qd8 17. Bc3 exd4 18. Bb4 Nxb4 19. axb4 e5 20. c5 e4 21.
Bc4+ Kh8 22. Ng5 Qe8 23. Qd6 d3 24. O-O h6 25. Nh3 Rf6 26. Qc7 g5 27. f4 e3 28.
fxg5 Rc6 29. Qf4 d2 30. Qd4+ Kh7 31. Rf3 Qe4 32. Qxe4 fxe4 33. Rxe3 Bg4 34. Nf2
Rd8 35. Be2 Bxe2 36. Rxe2 Re6 37. Rd1 e3 38. Ng4 hxg5 39. Rxe3 1-0

[Event "21. Copenhagen Open  (Politiken Cup)"]
[Site "Copenhagen"]
[Date "1999.07.10"]
[Round "7"]
[White "Adamski, Jan"]
[Black "Backlund, Anders"]
[Result "1-0"]
[WhiteElo "2418"]
[BlackElo "2265"]
[PlyCount "57"]
[EventDate "1999.07.03"]
[EventType "swiss"]
[EventRounds "11"]
[EventCountry "DEN"]
[SourceDate "2004.01.01"]

1. Nf3 c5 2. c4 Nc6 3. Nc3 g6 4. e3 Bg7 5. d4 d6 6. Be2 Nf6 7. O-O O-O 8. d5
Nb8 9. e4 a6 10. Bf4 b5 11. cxb5 axb5 12. Bxb5 Ba6 13. a4 Nfd7 14. Qe2 Qa5 15.
e5 Qb4 16. Bg3 dxe5 17. Nxe5 Bxb5 18. axb5 Rxa1 19. Rxa1 Nxe5 20. Bxe5 Bxe5 21.
Qxe5 Qxb2 22. Rb1 Qc2 23. h3 Re8 24. d6 Nd7 25. Qxe7 Rxe7 26. dxe7 Nf6 27. b6
Qxc3 28. b7 Qe5 29. b8=Q+ 1-0

[Event "21. Copenhagen Open  (Politiken Cup)"]
[Site "Copenhagen"]
[Date "1999.07.10"]
[Round "7"]
[White "Baburin, Alexander"]
[Black "Schneider, Stefan"]
[Result "0-1"]
[WhiteElo "2593"]
[BlackElo "2353"]
[PlyCount "30"]
[EventDate "1999.07.03"]
[EventType "swiss"]
[EventRounds "11"]
[EventCountry "DEN"]
[SourceDate "2004.01.01"]

1. d4 d5 2. c4 c6 3. e3 Bf5 4. cxd5 cxd5 5. Qb3 Qc7 6. Bb5+ Nd7 7. Nc3 e6 8.
Bd2 Ne7 9. Rc1 Nc6 10. e4 dxe4 11. d5 Nc5 12. dxc6 bxc6 13. Qc4 cxb5 14. Nxb5
Qd7 15. Ba5 Rc8 0-1

[Event "21. Copenhagen Open  (Politiken Cup)"]
[Site "Copenhagen"]
[Date "1999.07.10"]
[Round "7"]
[White "Barkhagen, Jonas"]
[Black "Larsen, Peter"]
[Result "1-0"]
[WhiteElo "2442"]
[BlackElo "2259"]
[PlyCount "55"]
[EventDate "1999.07.03"]
[EventType "swiss"]
[EventRounds "11"]
[EventCountry "DEN"]
[SourceDate "2004.01.01"]

1. d4 Nf6 2. c4 c5 3. d5 b5 4. cxb5 a6 5. b6 e6 6. Nc3 Nxd5 7. Nxd5 exd5 8.
Qxd5 Nc6 9. Nf3 Rb8 10. e4 Be7 11. Bc4 O-O 12. O-O Rxb6 13. Qh5 Qe8 14. e5 Nb4
15. Bf4 Bb7 16. Rad1 Be4 17. Rfe1 g6 18. Qh3 Bf5 19. Qh6 Be6 20. Bg5 f5 21.
exf6 Bxf6 22. Bxf6 Rxf6 23. Ng5 Qe7 24. Bxe6+ Rfxe6 25. Rxe6 Rxe6 26. Nxe6 Qxe6
27. Qe3 Nxa2 28. Qxc5 1-0

[Event "21. Copenhagen Open  (Politiken Cup)"]
[Site "Copenhagen"]
[Date "1999.07.10"]
[Round "7"]
[White "Bekker Jensen, Anne"]
[Black "Nielsen, Nicholas Roland"]
[Result "1-0"]
[WhiteElo "2074"]
[BlackElo "1538"]
[PlyCount "107"]
[EventDate "1999.07.03"]
[EventType "swiss"]
[EventRounds "11"]
[EventCountry "DEN"]
[SourceDate "2004.01.01"]

1. d4 Nf6 2. c4 e5 3. dxe5 Ne4 4. Nf3 Nc6 5. a3 d6 6. Qc2 Nc5 7. b4 Ne6 8. Bb2
Nxe5 9. Nxe5 dxe5 10. Bxe5 a5 11. c5 b6 12. Qa4+ Qd7 13. Qxd7+ Bxd7 14. cxb6
axb4 15. bxc7 bxa3 16. e3 Bb4+ 17. Bc3 Bxc3+ 18. Nxc3 Nxc7 19. Bc4 O-O 20. O-O
Ra5 21. Rfd1 Bc6 22. Nb1 Rfa8 23. Rd3 Nb5 24. Bxb5 Bxb5 25. Rdxa3 Rxa3 26. Nxa3
Bd3 27. Rc1 h5 28. Rc3 Bf5 29. h3 Rd8 30. Rc5 g6 31. Nb5 Rd1+ 32. Kh2 Rd2 33.
Kg3 h4+ 34. Kf3 Bc2 35. Nc3 Kg7 36. Rc4 g5 37. e4 Bb3 38. Rc5 f6 39. Rc7+ Kg6
40. Rc6 Kg7 41. Ke3 Rd7 42. Ne2 Bf7 43. Nd4 Bg6 44. Ne6+ Kf7 45. Nc5 Re7 46.
Kd4 Kg7 47. Rd6 Kf7 48. f3 Kg7 49. Nd7 Rf7 50. Kd5 Bh7 51. Kd4 Bg6 52. Ke3 Bh7
53. f4 Re7 54. Nxf6 1-0

[Event "21. Copenhagen Open  (Politiken Cup)"]
[Site "Copenhagen"]
[Date "1999.07.10"]
[Round "7"]
[White "Bekker Jensen, David"]
[Black "Danielsen, Henrik"]
[Result "1/2-1/2"]
[WhiteElo "2264"]
[BlackElo "2512"]
[PlyCount "84"]
[EventDate "1999.07.03"]
[EventType "swiss"]
[EventRounds "11"]
[EventCountry "DEN"]
[SourceDate "2004.01.01"]

1. d4 f5 2. g3 g6 3. Bg2 Bg7 4. c3 c6 5. Nd2 d5 6. Nh3 Nh6 7. Nf3 Nf7 8. Nf4 e6
9. h4 Qe7 10. Nd3 Nd7 11. Bf4 h6 12. Qd2 b6 13. Qe3 Ba6 14. Nde5 Bxe5 15. Nxe5
Ndxe5 16. Bxe5 Rh7 17. a4 Kd7 18. a5 Nxe5 19. Qxe5 Qg7 20. Qxg7+ Rxg7 21. Kd2
Rgg8 22. Ra3 Kc7 23. Rha1 Kb7 24. e3 g5 25. Rh1 g4 26. Rha1 c5 27. Bf1 Bxf1 28.
Rxf1 c4 29. axb6 axb6 30. Rfa1 b5 31. Rxa8 Rxa8 32. Rxa8 Kxa8 33. e4 fxe4 34.
Ke3 Kb7 35. Kf4 Kc6 36. Ke5 Kd7 37. Kf6 Kd6 38. h5 Kd7 39. Kf7 Kd6 40. Kf6 Kd7
41. Kf7 Kd6 42. Kf6 Kd7 1/2-1/2

[Event "21. Copenhagen Open  (Politiken Cup)"]
[Site "Copenhagen"]
[Date "1999.07.10"]
[Round "7"]
[White "Birgisdottir, Ingibjorg Edda"]
[Black "Palo, Davor"]
[Result "1/2-1/2"]
[WhiteElo "1295"]
[BlackElo "2141"]
[PlyCount "98"]
[EventDate "1999.07.03"]
[EventType "swiss"]
[EventRounds "11"]
[EventCountry "DEN"]
[SourceDate "2004.01.01"]

1. e4 c5 2. Nf3 Nc6 3. c3 d5 4. exd5 Qxd5 5. d4 e6 6. Be3 cxd4 7. Nxd4 Nf6 8.
Nd2 Nxd4 9. Bxd4 Be7 10. Qf3 O-O 11. Bc4 Qxf3 12. Nxf3 b6 13. O-O Bb7 14. Ne5
Rfd8 15. Rad1 Rd6 16. Rd3 Rad8 17. Rfd1 Nd5 18. f3 Nf4 19. R3d2 Bg5 20. Kf1 Ng6
21. Rd3 Nf4 22. R3d2 Nd5 23. Rd3 h5 24. Bxd5 Rxd5 25. c4 R5d6 26. Ke2 f6 27.
Be3 Rxd3 28. Nxd3 Bxe3 29. Kxe3 e5 30. Nf2 Rxd1 31. Nxd1 Kf7 32. Nc3 Ke6 33. b4
Bc6 34. h4 f5 35. g3 g6 36. a3 Kd6 37. Nb1 Ke6 38. Nd2 Kf6 39. Nb3 g5 40. c5
f4+ 41. gxf4 exf4+ 42. Kf2 gxh4 43. Nd4 Bd5 44. c6 Ke7 45. b5 Kd6 46. Ne2 Bc4
47. a4 a6 48. Nd4 axb5 49. axb5 h3 1/2-1/2

[Event "21. Copenhagen Open  (Politiken Cup)"]
[Site "Copenhagen"]
[Date "1999.07.10"]
[Round "7"]
[White "Bjarnason, Larus H"]
[Black "Petersen, Nils"]
[Result "0-1"]
[WhiteElo "1550"]
[BlackElo "2067"]
[PlyCount "118"]
[EventDate "1999.07.03"]
[EventType "swiss"]
[EventRounds "11"]
[EventCountry "DEN"]
[SourceDate "2004.01.01"]

1. d4 d5 2. c4 e6 3. Nc3 Nf6 4. Bg5 c6 5. e3 Qa5 6. f3 Bb4 7. Qc2 Nbd7 8. c5 b6
9. cxb6 axb6 10. Kf2 Bxc3 11. bxc3 Ba6 12. Ne2 Bxe2 13. Bxe2 b5 14. Rhb1 O-O
15. e4 h6 16. Bd2 Qa4 17. Rb3 Nb6 18. e5 Nfd7 19. Bc1 Qa7 20. Ra3 Na4 21. Be3
Ndb6 22. Rb3 f6 23. Qg6 Qf7 24. Qg3 Kh8 25. exf6 Qxf6 26. Bd3 Nc4 27. Bc1 Nab6
28. a3 e5 29. Qg6 Qxg6 30. Bxg6 exd4 31. cxd4 Rf6 32. Bd3 Re8 33. Ra2 Rfe6 34.
Re2 Rxe2+ 35. Bxe2 Ra8 36. Rd3 Kg8 37. f4 Nd6 38. g4 Nbc4 39. f5 Kf7 40. Rf3
Re8 41. Bd3 Ne4+ 42. Kg2 Ned2 43. Rh3 Re1 44. Bxd2 Nxd2 45. Kf2 Ra1 46. Be2 Nb1
47. g5 hxg5 48. Bh5+ Kf6 49. Bg6 Rxa3 50. Rh8 g4 51. Rf8+ Kg5 52. Rf7 Kh6 53.
Rc7 Ra6 54. Rc8 Nd2 55. Kg3 Kg5 56. Rc7 Ne4+ 57. Kg2 Kf4 58. Rxg7 Ra2+ 59. Kf1
Kf3 0-1

[Event "21. Copenhagen Open  (Politiken Cup)"]
[Site "Copenhagen"]
[Date "1999.07.10"]
[Round "7"]
[White "Bogdanov, Dimitri"]
[Black "Ronsted, Torben"]
[Result "1-0"]
[WhiteElo "2175"]
[BlackElo "1915"]
[PlyCount "83"]
[EventDate "1999.07.03"]
[EventType "swiss"]
[EventRounds "11"]
[EventCountry "DEN"]
[SourceDate "2004.01.01"]

1. e4 c6 2. Nc3 d5 3. Nf3 Bg4 4. h3 Bxf3 5. Qxf3 dxe4 6. Nxe4 Nd7 7. d4 Ngf6 8.
Bc4 e6 9. Ng3 Be7 10. O-O Qb6 11. c3 O-O 12. Re1 Rfe8 13. Bb3 c5 14. Be3 cxd4
15. Bxd4 Bc5 16. Rad1 Rad8 17. Re2 Bxd4 18. Rxd4 Nc5 19. Red2 Rxd4 20. Rxd4
Nxb3 21. axb3 Nd5 22. Qd1 Qc7 23. Qd2 h6 24. c4 Nf6 25. Ne2 e5 26. Rd3 Ne4 27.
Qe3 Nc5 28. Rd5 b6 29. b4 Ne6 30. b3 f6 31. Qd2 Rd8 32. f4 Re8 33. f5 Nf8 34.
Ng3 Re7 35. Rd6 Kh7 36. Ne4 Nd7 37. Kf2 Nb8 38. Qd5 Qb7 39. Ke3 Na6 40. Rd8 Rf7
41. Qe6 Qc7 42. Qe8 1-0

[Event "21. Copenhagen Open  (Politiken Cup)"]
[Site "Copenhagen"]
[Date "1999.07.10"]
[Round "7"]
[White "Brameld, Arthur F"]
[Black "Hartvig, Ove Weiss"]
[Result "0-1"]
[WhiteElo "2109"]
[BlackElo "2289"]
[PlyCount "88"]
[EventDate "1999.07.03"]
[EventType "swiss"]
[EventRounds "11"]
[EventCountry "DEN"]
[SourceDate "2004.01.01"]

1. e4 c5 2. Nf3 d6 3. d4 cxd4 4. Qxd4 Nc6 5. Bb5 Bd7 6. Bxc6 Bxc6 7. Nc3 Nf6 8.
Bg5 e6 9. O-O-O Be7 10. Rhe1 O-O 11. e5 dxe5 12. Qh4 Qc7 13. Nxe5 Rfd8 14.
Rxd8+ Rxd8 15. Ng4 Rd4 16. Bxf6 Qf4+ 17. Re3 Bxf6 18. Nxf6+ Qxf6 19. Qxf6 gxf6
20. Rg3+ Kf8 21. Ne2 Rh4 22. h3 Ra4 23. a3 h5 24. f3 h4 25. b3 hxg3 26. bxa4
Bxa4 27. Nxg3 Kg7 28. Kd2 Kg6 29. c3 f5 30. Ne2 e5 31. g3 f6 32. Ke3 Kg5 33.
f4+ Kg6 34. fxe5 fxe5 35. c4 Bc6 36. Kf2 Kf6 37. Nc3 Ke6 38. Nb5 a6 39. Na7 Bd7
40. h4 Kd6 41. c5+ Kxc5 42. h5 Be8 43. h6 Bg6 44. Nc8 b5 0-1

[Event "21. Copenhagen Open  (Politiken Cup)"]
[Site "Copenhagen"]
[Date "1999.07.10"]
[Round "7"]
[White "Brantzeg, Pal"]
[Black "Simonsen, Hans Kristian"]
[Result "1-0"]
[WhiteElo "1476"]
[BlackElo "1650"]
[PlyCount "101"]
[EventDate "1999.07.03"]
[EventType "swiss"]
[EventRounds "11"]
[EventCountry "DEN"]
[SourceDate "2004.01.01"]

1. d4 Nf6 2. Nf3 g6 3. c4 Bg7 4. Nc3 O-O 5. e3 c5 6. Be2 cxd4 7. exd4 d5 8. b3
Nc6 9. O-O Bf5 10. Nh4 Ne4 11. Nxd5 Nxd4 12. Nxf5 gxf5 13. Bb2 Nxe2+ 14. Qxe2
Bxb2 15. Qxb2 e6 16. Ne3 Qg5 17. Qe5 Nd2 18. f4 Qg7 19. Qxg7+ Kxg7 20. Rfd1
Rfd8 21. Kf2 Ne4+ 22. Ke1 Kf6 23. a3 Ke7 24. Rxd8 Rxd8 25. Rd1 Rc8 26. Rd4 Rc6
27. g4 Nd6 28. h3 fxg4 29. hxg4 b5 30. cxb5 Nxb5 31. Rb4 Nd6 32. Kd2 Ra6 33. a4
Rc6 34. Kd3 Rb6 35. Rxb6 axb6 36. Kd4 Kd7 37. Ke5 Ke7 38. g5 f6+ 39. gxf6+ Kd7
40. b4 h5 41. a5 bxa5 42. bxa5 Nf7+ 43. Ke4 h4 44. Ng4 Kc7 45. Kf3 Kb7 46. Ne5
Nd6 47. f7 Nxf7 48. Nxf7 h3 49. Kg3 h2 50. Kxh2 Ka6 51. Ng5 1-0